000
00211nam a2200085Ia 4500
008
120527s9999 xx 000 0 und d
100
_a
Reynolyd & Lloyd
245
_a
Labor economics and labor relation
942
_c
BK
999
_c
27047
_d
27047